| 000 | 01495nam0a22003371 4500 | ||
|---|---|---|---|
| 001 | rc\4529688 | ||
| 005 | 20130416181615.9 | ||
| 021 |
_aRU _b[60-80388] |
||
| 035 | _a(NLR Aleph) 008628837 | ||
| 090 |
_a8869389 _c8869389 |
||
| 100 | _a20130416d1960 |||y0rusy50 ca | ||
| 101 | 1 |
_arus _ceng |
|
| 102 | _aRU | ||
| 105 | _aa z ||||| | ||
| 200 | 1 |
_aСинхронные машины и устойчивость электрических систем _fПеревод с англ. канд. техн. наук И.И. Кодкинда _gПод ред. канд. техн. наук Н.И. Соколова |
|
| 210 |
_aМосква _aЛенинград _cГосэнергоиздат _d1960 |
||
| 215 |
_a392 с. _cчерт. _d21 |
||
| 300 | _aНа обороте тит. л.: E.W. Kimbark. Power system stability. V. 3. Synchronous machines. New York-London, Wiley and Sons, 1956 | ||
| 320 | _aБиблиогр.: с. 385-392 (152 назв.) | ||
| 517 | 0 | _aPower system stability. V. 3. Synchronous machines | |
| 517 | 0 | _aSynchronous machines | |
| 606 |
_aЭлектрические системы _xУстойчивость _2psbo |
||
| 606 |
_aЭлектрические машины, синхронные _xПереходные процессы _2psbo |
||
| 700 | 1 |
_aКимбарк _bЭ. |
|
| 702 | 1 |
_aКодкинд _bИ. И. _4730 |
|
| 702 | 1 |
_aСоклов _bН. И. _4340 |
|
| 801 | 0 |
_aRU _bNLR _gpsbo |
|
| 801 | 1 |
_aRU _bELAR _2rusmarc |
|
| 852 |
_aNLR _j60-3/5429 |
||
| 942 | _cBOOK | ||
| 980 | _aNB | ||